000 00442nam a2200193Ia 4500
008 170918s9999 xx 000 0 und d
020 _a9780545072335
050 _bW329 2009
100 _aWaters, Kate
245 _aOcean giants /
245 _cby Kate Waters.
260 _aNew York :
260 _bScholastic,
260 _c2009
300 _a32 pages :
300 _bcolored illustration ;
300 _c23cm.
500 _a620
999 _c342793
_d342793